Metodología de macrodiseño curricular desarrollador de la Licenciatura en Administración de Empresas (Record no. 898)
[ view plain ]
| 000 -LEADER | |
|---|---|
| campo de control de longitud fija | 02786nam a2200553Ia 4500 |
| 001 - NÚMERO DE CONTROL | |
| campo de control | 978 |
| 008 - DATOS DE LONGITUD FIJA--INFORMACIÓN GENERAL | |
| campo de control de longitud fija | 241029s9999 xx 000 0 und d |
| 010 ## - NÚMERO DE CONTROL DE LA BIBLIOTECA DEL CONGRESO | |
| Número de control de LC | 898 |
| 041 ## - CÓDIGO DE IDIOMA | |
| Código de lengua del texto/banda sonora o título independiente | Español |
| 082 ## - NÚMERO DE LA CLASIFICACIÓN DECIMAL DEWEY | |
| Número de clasificación | TPG MCE 39 2005 |
| 245 #0 - MENCIÓN DEL TÍTULO | |
| Título | Metodología de macrodiseño curricular desarrollador de la Licenciatura en Administración de Empresas |
| 260 ## - PUBLICACIÓN, DISTRIBUCIÓN, ETC. | |
| Lugar de publicación, distribución, etc. | Santo Domingo |
| 300 ## - DESCRIPCIÓN FÍSICA | |
| Extensión | 84 |
| 520 ## - RESUMEN, ETC. | |
| Sumario, etc. | 18 |
| 520 ## - RESUMEN, ETC. | |
| Sumario, etc. | El estudio se planteó como objetivo principal elaborar una metodología de macrodiseño curricular de la Carrera de Licenciatura en Administración de Empresas de la Universidad APEC, que integre las disciplinas del ejercicio de la profesión en correspondencia con las exigencias profesionales existentes en las condiciones actuales. La fundamentación metodológica se basó en el análisis y síntesis, inducción y deducción, histórico -lógico, técnicas, entrevistas a expertos y revisión de fuentes documentales. Los resultados encontrados indicaron que en UNAPEC existe insatisfacción del currículo dentro de los estudiantes, que demandan un plan de estudio más acorde a las necesidades actuales. La revisión por especialistas y expertos del Currículo arrojó serias insuficiencias en el mismo, lo que demanda, unido a lo anterior, la necesidad de su perfeccionamiento.El estudio recomienda presentar la propuesta realizada al Decanato de Administración y a los organismos correspondientes para su evaluación institucional. Continuar perfeccionando el diseño curricular de la Carrera de Administración de Empresas incorporando las disciplinas no administradas por el Decanato de Administración para la posterior elaboración de los objetivos por años y cuatrimestres. |
| 630 ## - PUNTO DE ACCESO ADICIONAL DE MATERIA--TÍTULO UNIFORME | |
| Título uniforme | Currículo |
| 630 ## - PUNTO DE ACCESO ADICIONAL DE MATERIA--TÍTULO UNIFORME | |
| Título uniforme | Estudiantes |
| 630 ## - PUNTO DE ACCESO ADICIONAL DE MATERIA--TÍTULO UNIFORME | |
| Título uniforme | Evaluación |
| 650 ## - PUNTO DE ACCESO ADICIONAL DE MATERIA--TÉRMINO DE MATERIA | |
| Término de materia o nombre geográfico como elemento de entrada | Curriculum |
| 690 ## - PUNTO DE ACCESO ADICIONAL DE MATERIA LOCAL--TÉRMINO DE MATERIA (OCLC, RLIN) | |
| Término de materia o nombre geográfico como elemento inicial | Elaborado |
| 700 ## - ENTRADA AGREGADA--NOMBRE PERSONAL | |
| Término indicativo de función/relación | asesor |
| Nombre de persona | Fernández Andrés, Ana |
| 700 ## - ENTRADA AGREGADA--NOMBRE PERSONAL | |
| Término indicativo de función/relación | autor |
| Nombre de persona | Zarob, Ivelisse |
| 700 ## - ENTRADA AGREGADA--NOMBRE PERSONAL | |
| Término indicativo de función/relación | asesor |
| Nombre de persona | Mena Campos , Alodio |
| 901 ## - ELEMENTOS DE DATOS A LOCAL LDA (RLIN) | |
| a | {"1":"Zarob"} |
| b | {"1":"Ivelisse"} |
| 902 ## - ELEMENTOS DE DATOS B LOCAL, LDB (RLIN) | |
| a | 2 |
| 903 ## - ELEMENTOS DE DATOS C LOCAL, LDC (RLIN) | |
| a | {"1":"Mena Campos ","2":"Fernández Andrés"} |
| b | {"1":"Alodio","2":"Ana"} |
| 904 ## - ELEMENTOS DE DATOS D LOCAL, LDD (RLIN) | |
| a | Maestría en |
| 905 ## - ELEMENTOS DE DATOS E LOCAL, LDE (RLIN) | |
| a | Ciencias de la Educación |
| 906 ## - ELEMENTOS DE DATOS F LOCAL, LDF (RLIN) | |
| a | 1 |
| 907 ## - ELEMENTOS DE DATOS G LOCAL, LDG (RLIN) | |
| a | Mención en |
| 908 ## - COLOCAR PARÁMETRO DE COMANDO (RLIN) | |
| Colocar parámetro de comando | Enseñanza de las Ciencias Económicas y Empresariales |
| 909 ## - | |
| -- | Universidad Acción Pro Educación y Cultura (UNAPEC) |
| 910 ## - DATOS DE OPCIÓN DEL USUARIO (OCLC) | |
| Datos de opción del usuario | NULL |
| -- | NULL |
| 911 ## - EQUIVALENCIA O REFERENCIA-CRUZADA-NOMBRE DE CONFERENCIA O REUNIÓN/CONGRESO [LOCAL, CANADÁ] | |
| Nombre de congreso/reunión o jurisdicción como elemento de entrada | ["1"] |
| 912 ## - | |
| -- | NO APLICA |
| 913 ## - | |
| -- | NULL |
| 914 ## - | |
| -- | 01 de Agosto de 2005 |
| 915 ## - | |
| -- | 11/06/14 07:06 |
| 916 ## - | |
| -- | NULL |
| 917 ## - | |
| -- | NULL |
| 918 ## - | |
| -- | NO APLICA |
| 919 ## - | |
| -- | ["52","96","97"] |
| 921 ## - | |
| -- | 16 |
| 922 ## - | |
| -- | 16 |
| 923 ## - | |
| -- | 0 |
| 924 ## - | |
| -- | NO APLICA |
| 942 ## - ELEMENTOS DE ENTRADA SECUNDARIOS (KOHA) | |
| Tipo de ítem Koha | |
No items available.